Majetok biologického charakteru v účtovníctve príspevkových organizácií

Klasifikácia zvierat ako majetku biologického charakteru. V zmysle platných postupov účtovania sú zvieratá základného stáda a ťažné zvieratá dlhodobým majetkom a ostatné zvieratá patria medzi zásoby v účtovnej triede 1 - Zásoby.

Gespeichert in:
Bibliographische Detailangaben
1. Verfasser: Šabíková, Ingrid
Format: Buchkapitel
Sprache:Slowakisch
Schlagworte:
Tags: Tag hinzufügen
Keine Tags, Fügen Sie das erste Tag hinzu!

MARC

LEADER 00000nla a2200000 4500
001 0176553
005 20240502073017.7
041 0 |a slo 
044 |a SK 
245 1 0 |a Majetok biologického charakteru v účtovníctve príspevkových organizácií  |c Ingrid Šabíková 
520 |a Klasifikácia zvierat ako majetku biologického charakteru. V zmysle platných postupov účtovania sú zvieratá základného stáda a ťažné zvieratá dlhodobým majetkom a ostatné zvieratá patria medzi zásoby v účtovnej triede 1 - Zásoby. 
610 2 0 |a organizácie príspevkové 
610 2 0 |a majetok 
610 2 0 |a zvieratá 
610 2 0 |a účtovníctvo 
100 1 |a Šabíková, Ingrid